Profile: Mike & Mike Quiz Stats

Quiz not verified by Sporcle

Challenge
Share
Tweet
Embed
Score 0/16 Timer 02:00
0 Plays Today
Description Enter GR or GO % Correct
Graduated from Northwestern University???
96.2%
Is a germophobe???
94.9%
Lost more than 50 pounds on Nutrisystem???
91%
Favorite NFL team is the New York Jets???
89.7%
Graduated from the University of Notre Dame???
89.7%
Children are Nikki and Stephen???
85.9%
Believes in having 1 NCAA Tournament bracket sheet???
84.6%
Favorite MLB team is the Cleveland Indians???
82.1%
Description Enter GR or GO % Correct
Born August 6, 1967???
80.8%
Children are Mike, Jake and Sydney???
79.5%
Authored the book “Why My Wife Thinks I'm An Idiot”???
78.2%
Wife is Stacy???
78.2%
Born December 12, 1962???
76.9%
Believes in having multiple NCAA Tournament bracket sheets???
73.1%
Wife is Christine???
70.5%
Was once a commentator for “Gorgeous Ladies of Wrestling”???
61.5%

You're not logged in!

Compare scores with friends on all Sporcle quizzes.
Join for Free
OR
Log In

You Might Also Like...

Show Comments

Extras

Created Oct 12, 2011ReportNominate
Tags:This or That Quiz

Top Quizzes Today


Score Distribution

Your Account Isn't Verified!

In order to create a playlist on Sporcle, you need to verify the email address you used during registration. Go to your Sporcle Settings to finish the process.

Report this User

Report this user for behavior that violates our Community Guidelines.

Details: